000
00319nam a2200145Ia 4500
005
20250317155359.0
008
240331s9999 xx 000 0 und d
082
_b
JEY
_a
894
100
_a
Jeyamohan,
245
0
_a
Mann
260
_a
Chennai
_b
Sneha
_c
1995
300
_a
184 p .,
650
_a
short stories
942
_c
L
999
_c
3988
_d
3988